01172nam a22001937a 450000500170000000800410001702000180005804000070007604100120008308200170009510000200011224500610013226000410019330000290023436500570026352005760032065000240089665000580092020260327145132.0260327b |||||||| |||| 00| 0 eng d a9788126512331 cAL aEnglish a621.38bSHAD aK Sam Shanmugam aDigital and Analog communication systemsb: as per AICTE aNew DelhibWiley India Pvt Ltdc2012 axviii,600p.bPBc22x15cm aVBI-2645b₹704.25c₹d₹939.00e25%f20-02-2026 aThe book gives a unified treatment of theoretical and practical aspects of digital and analog communication systems, with emphasis on digital communication systems. It integrates theory with design, keeping theoretical details to a minimum, with over 60 practical and worked examples illustrating real-life methods. The emphasis is mainly on deriving design equations that relate performance of functional blocks to design parameters. It illustrates how to tradeoff between power, bandwidth and equipment complexity while maintaining an acceptable quality of performance. aGeneral Electronics a Classification for communication engineering systems